000 00573nam a2200181 i 4500
001 34799
003 ES-MaACL
005 20250710063338.0
007 t|
008 030211q19001999sp ||||1| spa d
100 1 _aBonnefon, Jean de
_930238
245 1 0 _aDrama imperial
_b: lo que no puede decirse en Berlin /
_cJean de Bonnefon ; versión española por Sebastian Gomila.
260 _aBarcelona :
_bAntonio Virgili,
_c[19--?]
300 _a255 p. ;
_c19 cm.
700 1 _aGomila, Sebastián.
_958204
852 _aES-MaACL
_jD-3013
999 _c34799
_d34799